000 00405nam a22001697a 4500
005 20180809114111.0
008 160514b xxu||||| |||| 00| 0 eng d
020 _a81-7446-373-9
041 _aeng
082 _b2245
_a658.3
100 _aRao, P.L.
_94732
245 _aHuman Resource Management
260 _aNew Delhi
_bExcel Books,
_c2004
300 _a532p,
650 _aManagement
_9241
942 _cBK
999 _c827
_d827